Proceeding of workshop on pre and post-harvest vegetable technology in Asia

Saved in:
Bibliographic Details
Main Author: AVRDC
Format: Book
Language:Undetermined
Published: Taiwan AVRDC 1977
Subjects:
Tags: Add Tag
No Tags, Be the first to tag this record!
Institutions: Trung tâm Học liệu Trường Đại học Cần Thơ
LEADER 00488nam a2200181Ia 4500
001 CTU_13365
008 210402s9999 xx 000 0 und d
082 |a 635.0495 
082 |b P963 
100 |a AVRDC 
245 0 |a Proceeding of workshop on pre and post-harvest vegetable technology in Asia 
245 0 |c AVRDC 
260 |a Taiwan 
260 |b AVRDC 
260 |c 1977 
650 |a vegetables 
904 |i Minh, 961127 
980 |a Trung tâm Học liệu Trường Đại học Cần Thơ